Turkish players in European Big Five (2000-) - Statistics

General Stats
  • This quiz has been taken 40 times
  • The average score is 30 of 116
Answer Stats
Ranking Player Positions Nationality Matches Goals (assists) Periods Clubs % Correct
14 Arda Turan MF, FW 163 18 (24) 2011-2017
97%
1 Hakan Çalhanoğlu MF, FW 373 78 (77) 2013-2025
97%
33 Burak Yılmaz FW 59 20 (8) 2020-2022
89%
45 Arda Güler MF, FW 38 9 (4) 2023-2025
87%
55 Atila Turan DF, MF 26 2 (0) 2013-2014, 2015-2016
87%
4 Nuri Şahin MF 270 23 (33) 2005-2006, 2008-2020
87%
85 Kenan Şahin FW 6 0 (0) 2003-2005
84%
32 Kenan Yıldız MF, FW 62 9 (4) 2023-2025
84%
15 Çağlar Söyüncü DF 154 5 (2) 2016-2024
82%
2 Halil Altıntop MF, FW 351 67 (29) 2003-2010, 2013-2017
79%
10 Hamit Altıntop DF, MF 197 17 (17) 2003-2011, 2016-2017
79%
90 Kasım Yıldız MF 4 0 (0) 2001-2002
79%
5 Ömer Toprak DF 263 7 (2) 2009-2021
76%
64 Berkay Özcan DF, MF, FW 20 1 (2) 2017-2019
74%
13 Salih Özcan MF 166 2 (4) 2016-2017, 2020-2025
74%
20 Ozan Kabak DF 133 12 (3) 2018-2024
71%
27 Merih Demiral DF 91 5 (4) 2018-2023
68%
16 Cengiz Ünder DF, MF, FW 148 28 (17) 2017-2023
66%
36 Emre Mor MF, FW 56 2 (3) 2016-2018, 2020-2021
66%
12 Zeki Çelik DF 190 6 (15) 2018-2025
66%
6 Enes Ünal MF, FW 234 56 (18) 2017-2025
63%
35 Cenk Tosun FW 56 10 (3) 2009-2010, 2017-2022
55%
18 Kaan Ayhan DF, MF 143 8 (5) 2013-2015, 2018-2023
53%
39 Hakan Şükür FW 48 10 (7) 2000-2003
50%
28 Mert Müldür DF 85 2 (1) 2019-2023
50%
17 Emre Belözoğlu MF 143 8 (15) 2001-2007, 2012-2013
47%
87 Altay Bayındır GK 4 0 (0) 2024-2025
45%
22 Kenan Karaman MF, FW 123 14 (6) 2013-2015, 2017-2019, 2022-2023
42%
84 Ferdi Kadioglu DF, MF, FW 6 1 (0) 2024-2025
39%
11 Nihat Kahveci FW 195 75 (25) 2001-2009
39%
26 Yusuf Yazıcı MF, FW 96 15 (12) 2019-2024
39%
65 Can Uzun MF, FW 20 4 (1) 2024-2025
37%
9 Yıldıray Baştürk MF 204 30 (27) 2000-2010
37%
19 Atakan Karazor DF, MF 137 2 (10) 2020-2025
34%
42 Mehmet Topal DF, MF 43 1 (1) 2010-2012
34%
3 Mevlüt Erdinç FW 306 92 (20) 2005-2017
34%
8 Yunus Mallı MF, FW 211 36 (25) 2011-2021
34%
92 Rüştü Reçber GK 4 0 (0) 2003-2004
32%
49 Umut Bulut MF, FW 31 5 (0) 2011-2012
29%
98 Erol Bulut DF, MF 2 0 (0) 2000-2001
26%
61 Onur Bulut DF, MF 22 0 (1) 2016-2018
26%
81 Ozan Tufan MF 7 0 (0) 2021-2022
24%
114 Tolcay Ciğerci MF 1 0 (0) 2014-2015
24%
31 Tolga Ciğerci MF 70 1 (6) 2010-2015, 2022-2023
24%
7 Tugay Kerimoğlu MF 233 11 (14) 2001-2009
24%
40 Ahmed Kutucu MF, FW 45 5 (2) 2018-2021
21%
24 Okay Yokuşlu DF, MF 103 2 (3) 2018-2022
21%
21 Tuncay Şanlı MF, FW 131 20 (10) 2007-2012
21%
41 Bertuğ Yıldırım FW 43 1 (1) 2023-2025
18%
53 Gökhan Töre MF, FW 27 0 (6) 2011-2012, 2016-2017
18%
58 Okan Buruk MF 24 2 (4) 2001-2004
18%
43 Ümit Davala DF, MF 43 0 (1) 2001-2002, 2003-2006
18%
99 Mehmet Akgün DF, FW 2 0 (0) 2004-2005, 2007-2008
16%
30 Mehmet Ekici MF 73 7 (12) 2010-2014
16%
112 Okan Aydın MF, FW 1 0 (0) 2012-2013
16%
29 Alpay Özalan DF 79 2 (0) 2000-2003, 2005-2006
13%
38 Cenk Özkacar DF 51 0 (0) 2022-2025
13%
56 Mahir Sağlık FW 26 2 (2) 2008-2009, 2014-2015
13%
23 Muzzy Izzet MF 114 14 (17) 2000-2001, 2003-2006
13%
63 Salih Uçan MF 21 1 (2) 2014-2015, 2018-2019
13%
46 Sercan Sararer MF, FW 35 1 (1) 2012-2015
13%
97 Arif Erdem FW 2 1 (0) 2000-2001
11%
103 Aykut Özer GK 1 0 (0) 2012-2013
11%
88 Burak Kaplan MF 4 2 (1) 2009-2010
11%
34 Emre Çolak MF 59 4 (7) 2016-2018
11%
109 Halil Dervişoğlu FW 1 0 (0) 2022-2023
11%
51 Mehmet Aurélio MF 29 4 (2) 2008-2009
11%
76 Berkant Göktan FW 8 1 (0) 2000-2001, 2005-2006
8%
78 Hakan Ünsal DF 8 0 (2) 2001-2002
8%
60 Kerim Frei MF 23 0 (0) 2011-2013
8%
25 Tayfun Korkut DF, MF 99 9 (5) 2000-2004
8%
37 Tunay Torun MF, FW 56 6 (3) 2008-2013
8%
75 Yunus Emre Konak MF, FW 10 0 (0) 2024-2025
8%
105 Bülent Akın MF 1 0 (0) 2002-2003
5%
44 Colin Kazim-Richards MF, FW 42 3 (4) 2006-2007, 2009-2010
5%
57 Ersen Martin FW 25 2 (1) 2007-2009
5%
79 İbrahim Kaş DF 8 0 (0) 2008-2009
5%
54 Olcay Şahan MF, FW 27 1 (2) 2011-2012
5%
80 Sezer Öztürk MF 8 0 (0) 2004-2006
5%
94 Sinan Gümüş MF, FW 3 0 (0) 2019-2020
5%
96 Ümit Özat DF, MF 3 0 (0) 2008-2009
5%
73 Yıldırım Mert Çetin DF, MF 15 0 (0) 2019-2023
5%
48 Ceyhun Gülselam DF, MF 31 1 (1) 2014-2016
3%
66 Deniz Barış DF, MF 20 0 (0) 2001-2002
3%
69 Doğan Alemdar GK 18 0 (0) 2021-2023
3%
74 Emirhan İlkhan MF 12 0 (0) 2022-2023
3%
77 Erencan Yardimci MF, FW 8 0 (0) 2024-2025
3%
106 Fatih Akyel DF 1 0 (0) 2004-2005
3%
62 Jem Karacan MF 21 1 (1) 2012-2013
3%
101 Oktay Derelioğlu FW 2 0 (0) 2000-2001
3%
91 Ömer Faruk Beyaz DF, MF 4 0 (0) 2021-2022
3%
50 Umut Bozok MF, FW 30 2 (3) 2018-2019, 2020-2021
3%
115 Yasin Öztekin MF 1 0 (0) 2008-2009
3%
116 Yusuf Sari FW 1 0 (0) 2017-2018
3%
104 Batuhan Altıntaş FW 1 0 (0) 2015-2016
0%
82 Berkan Kutlu MF 6 0 (0) 2023-2024
0%
86 Burak İnce FW 5 0 (0) 2021-2022
0%
52 Çağdaş Atan DF 28 2 (1) 2008-2009
0%
83 Deniz Hummet FW 6 0 (0) 2015-2016
0%
71 Erhan Albayrak MF, FW 16 1 (0) 2002-2003
0%
47 Fatih Atik MF 34 2 (5) 2003-2004, 2013-2014
0%
107 Fatih Yiğituşağı FW 1 0 (0) 2008-2009
0%
108 Ferhat Bıkmaz DF, MF 1 0 (0) 2007-2008
0%
59 Hasan Kabze MF, FW 23 0 (3) 2010-2012
0%
89 İsmail Köybaşı DF, FW 4 0 (0) 2019-2020
0%
110 Mahmut Kücüksahin MF 1 0 (0) 2023-2024
0%
111 Metehan Güçlü MF, FW 1 1 (0) 2018-2019
0%
100 Nizamettin Çalışkan MF 2 0 (0) 2005-2006
0%
102 Onur Ayık MF, FW 2 0 (0) 2009-2011
0%
72 Serdar Gürler MF, FW 15 0 (1) 2009-2010, 2011-2012, 2018-2019
0%
70 Sinan Kaloğlu FW 18 3 (2) 2008-2009
0%
113 Sinan Tekerci MF 1 0 (0) 2013-2014
0%
95 Tayfun Pektürk MF, FW 3 0 (0) 2012-2013
0%
67 Uğur İnceman MF 20 1 (0) 2001-2002
0%
93 Volkan Ünlü GK 4 0 (0) 2003-2004
0%
68 Zafer Yelen MF 20 0 (2) 2007-2008
0%
No matching quizzes found
Score Distribution
Percent of People with Each Score
Percentile by Number Answered
Your Score History
You have not taken this quiz